| 000 | 00340nam a2200133Ia 4500 | ||
|---|---|---|---|
| 008 | 240624s9999 xx 000 0 und d | ||
| 041 | _aeng | ||
| 082 | _a891.46 SHA | ||
| 100 | _aSHOURIE ARUN | ||
| 245 | _aKADEL KA TYALA AAICH MANN MARATHI | ||
| 260 |
_c2014 _aPune _bMehta Publishing House |
||
| 300 | _a378 p.; 23 cm. | ||
| 365 |
_cRS _b25 |
||
| 999 |
_c30392 _d30392 |
||